000 01381nam a22003497a 4500
001 002356
003 DO-SdBNP
005 20180312113338.0
007 002356
008 160511b 2014 dr ||||| |||| 00| 0 spa d
020 _a9789945118643
040 _aBPMSU
_bspa
_cBPMSU
082 _a372.372
_bS456e 1ro. 2014
245 0 0 _aEducación afectiva y sexual 1 :
_beducación primaria /
_hÁngela Segura ... [et. al.]; dirección editorial Claudia Llibre ; ilustración Ruddy Núñez ... [et.al.]
260 _aSanto Domingo :
_bSantillana,
_c2014.
300 _a63 p. :
_bil. ;
_c29 cm.
490 1 _aTodos juntos
500 _aEste libro ha sido realizado de conformidad con el curriculum vigente y ha sido sometido a la aprobación del MINERD
650 4 _aEDUCACIÓN SEXUAL PARA NIÑOS
_xEDUCACIÓN PRIMARIA
650 4 _aEDUCACIÓN SEXUAL PARA NIÑOS
_xENSEÑANZA BÁSICA
650 4 _aEDUCACIÓN PRIMARIA
_zREPÚBLICA DOMINICANA
650 4 _aEDUCACIÓN SEXUAL PARA NIÑOS
_xLIBROS DE TEXTOS
650 4 _aEDUCACIÓN SEXUAL PARA NIÑOS
_xESTUDIOS Y EJERCICIOS
700 1 _aLlibre,Claudia,
_eed.
700 1 _aNúñez, Ruddy,
_eil.
700 1 _aSegura, Ángela
830 0 _aTodos juntos
910 _aValidado. Control de calidad MFF
942 _2ddc
_cBK
945 _aRemanejada para la BNPHU 2018 / BT
956 _2VMATEO
_310
_620160511
_8BPMSU
_a0069
999 _c10099
_d10099